LEADER 01585nam--2200409---450- 001 990000330420203316 010 $a0-08-043015-5 035 $a0033042 035 $aUSA010033042 035 $a(ALEPH)000033042USA01 035 $a0033042 100 $a20010129d1999----km-y0itay0103----ba 101 0 $aeng 102 $aUS 105 $a||||||||001yy 200 1 $aAdvances in steel structures$eproceedings of the second international conference on advances in stell structures, 15-17 december 1999, Hong Kong, China$fedited by S.L. Chan and J.G. Teng$gorganised by Departement of civil and structural engineering, the Hong Kong Polytechnic University$gsponsored by the Hong Kong Institute of engineers 210 $aKidlington$cElsevier$dcopyr. 1999 215 $a2 v. (compl. [40], 1196 p.)$d24 cm 300 $aSulla cop.: ICASS '99 606 $aStrutture in acciaio$xCongressi$z1986 676 $a624.1821 702 1$aCHAN,$bS.L. 702 1$aTENG,$bJ.G. 710 12$aInternational Conference on advances in steel structures <2. ; 1999 ; Hong Kong>$0542796 801 0$aIT$bsalbc$cISBD 912 $a990000330420203316 951 $a624.1821 INT 1$b15556 ING.$c624$d00068146 951 $a624.1821 INT 2$b15557 ING.$c624$d00068147 959 $aBK 969 $aTEC 979 $aTAMI$b40$c20010129$lUSA01$h1210 979 $aTAMI$b40$c20010129$lUSA01$h1212 979 $aTAMI$b40$c20010129$lUSA01$h1247 979 $c20020403$lUSA01$h1641 979 $aPATRY$b90$c20040406$lUSA01$h1623 996 $aAdvances in steel structures$9879592 997 $aUNISA LEADER 03975nam 2200685Ia 450 001 9910957771803321 005 20200520144314.0 010 $a9786612162442 010 $a9781282162440 010 $a1282162446 010 $a9789027298102 010 $a9027298106 024 7 $a10.1075/pbns.89 035 $a(CKB)1000000000555092 035 $a(OCoLC)70769089 035 $a(CaPaEBR)ebrary5004975 035 $a(SSID)ssj0000278238 035 $a(PQKBManifestationID)11205352 035 $a(PQKBTitleCode)TC0000278238 035 $a(PQKBWorkID)10246058 035 $a(PQKB)10505773 035 $a(MiAaPQ)EBC622374 035 $a(DE-B1597)720142 035 $a(DE-B1597)9789027298102 035 $a(EXLCZ)991000000000555092 100 $a20010305d2001 uy 0 101 0 $aeng 135 $aur||||||||||| 181 $ctxt$2rdacontent 182 $cc$2rdamedia 183 $acr$2rdacarrier 200 10$aConversational dominance and gender $ea study of Japanese speakers in first and second language contexts /$fHiroko Itakura 205 $a1st ed. 210 $aAmsterdam ;$aPhiladelphia $cJ. Benjamins Pub. Co.$dc2001 215 $a1 online resource (xvii, 227 pages) 225 1 $aPragmatics & beyond ;$vnew ser., v. 89 300 $aBibliographic Level Mode of Issuance: Monograph 311 0 $a9781588110572 311 0 $a1588110575 311 0 $a9789027251084 311 0 $a9027251088 320 $aIncludes bibliographical references (p. [205]-220) and indexes. 327 $aConversational Dominance and Gender -- Editorial page -- Title page -- LCC data -- Contents -- Acknowledgements -- List of tables -- Transcription notation -- List of abbreviations -- Chapter 1 Introduction -- Chapter 2 Gender,dominance and pragmatic transfer -- Chapter 3 Analysing conversational dominance -- Chapter 4 Empirical study -- Chapter 5 Dimensions of conversational dominance -- Chapter 6 Conversational dominance,styles,strategies and pragmatic transfer -- Appendix 1 Topic sheet -- Appendix 2 Number of turns used for quantitative analysis -- References -- Name index -- Subject index. 330 $aThis book investigates the notion of conversational dominance in depth, and seeks to establish a systematic method of analysing it. It also offers a new insight into the role of gender and the pragmatic transfer of conversational norms in the first and second language conversations among native speakers of Japanese.Drawing upon a critical synthesis of insights from several different fields, including Conversation Analysis, the Birmingham school of discourse analysis, and dialogical analysis, the author proposes an innovative analytical framework for operationalising the concept of dominance in conversation. She then applies this framework to the empirical analysis of Japanese speakers' L1 and L2 conversations, finding direct evidence for the important role of gender and pragmatic transfer in conversational dominance.By integrating quantitative and qualitative approaches to discourse analysis, the author offers a new perspective into the pragmatic transfer of conversational norms. She does so by demonstrating how the notion of self-oriented and other-oriented conversational styles and strategies can affect the level of transfer of interactional behaviour differently for male and female speakers. 410 0$aPragmatics & beyond ;$vnew ser., v. 89. 606 $aJapanese language$xDiscourse analysis 606 $aJapanese language$xSex differences 606 $aDominance (Psychology) 615 0$aJapanese language$xDiscourse analysis. 615 0$aJapanese language$xSex differences. 615 0$aDominance (Psychology) 676 $a495.6/01/41 700 $aItakura$b Hiroko$01800493 801 0$bMiAaPQ 801 1$bMiAaPQ 801 2$bMiAaPQ 906 $aBOOK 912 $a9910957771803321 996 $aConversational dominance and gender$94345323 997 $aUNINA